[Event "FRA-chT1 1011"]
[Site "France"]
[Date "2010.11.13"]
[Round "2.5"]
[White "Carvallo, Henri"]
[Black "Godard, Maxence"]
[Result "0-1"]
[WhiteElo "2154"]
[BlackElo "2339"]
[PlyCount "190"]
[EventDate "2010.10.17"]
[EventType "team-tourn"]
[EventRounds "11"]
[EventCountry "FRA"]
[SourceTitle "EXT 2012"]
[Source "ChessBase"]
[SourceDate "2011.11.24"]
[SourceVersion "1"]
[SourceVersionDate "2011.11.24"]
[SourceQuality "1"]

1. d4 d5 2. Bf4 c6 3. e3 Bf5 4. c4 e6 5. Nc3 Nd7 6. Qb3 Qb6 7. Nf3 Ngf6 8. c5 Qxb3 9. axb3 a6 10. h3 Be7 11. b4 0-0 12. Be2 Ne4 13. 0-0 Rac8 14. Nxe4 Bxe4 15. Nd2 Bd8 16. Nxe4 dxe4 17. f3 exf3 18. Bxf3 Bc7 19. Bxc7 Rxc7 20. Rad1 f5 21. g4 Nf6 22. g5 Nd5 23. Bxd5 exd5 24. Rf4 Re7 25. Kf2 g6 26. Ra1 Kg7 27. Ra3 Re4 28. Kg3 Re6 29. Rf3 h6 30. gxh6+ Kxh6 31. Ra1 Kg5 32. Kf2 Rh8 33. Rg1+ Kf6 34. Rfg3 Kf7 35. Kf3 Rhe8 36. Kf2 f4 37. Rf3 Rxe3 38. Rxf4+ Kg7 39. Rfg4 Re2+ 40. Kf1 Re1+ 41. Kf2 R8e2+ 42. Kf3 Rxg1 43. Kxe2 Rb1 44. Kd3 Rxb2 45. Kc3 Re2 46. Rg3 Kf6 47. Rf3+ Ke7 48. Rg3 Re6 49. Kd3 Rf6 50. Re3+ Kd7 51. Rg3 Kc7 52. Re3 Kb8 53. Rg3 Ka7 54. Re3 a5 55. bxa5 Ka6 56. Ke2 Rf4 57. Kd3 Kxa5 58. Kc3 Kb5 59. Rd3 Rf1 60. Kb3 Rb1+ 61. Kc3 Ka4 62. Kc2 Rh1 63. Kc3 Kb5 64. Kb3 Rb1+ 65. Kc3 Rg1 66. Kb3 b6 67. cxb6 Kxb6 68. Kb4 Rb1+ 69. Kc3 Rf1 70. Rg3 Rf6 71. Kb4 Re6 72. Kc3 Kb5 73. Kd3 Rf6 74. Kc3 c5 75. dxc5 Kxc5 76. Kd3 Ra6 77. Rg1 Ra3+ 78. Kd2 Rxh3 79. Rxg6 Kc4 80. Re6 Rh2+ 81. Ke3 d4+ 82. Kf3 Kd3 83. Rd6 Ra2 84. Rh6 Ra8 85. Rf6 Re8 86. Ra6 Rf8+ 87. Kg2 Ke3 88. Re6+ Kd2 89. Ra6 d3 90. Ra2+ Ke3 91. Ra3 Ke2 92. Ra7 Rg8+ 93. Kh3 Re8 94. Kg3 d2 95. Ra2 Ke1 0-1

[Event "FRA-chT1 1011"]
[Site "France"]
[Date "2010.10.17"]
[Round "1.6"]
[White "Carvallo, Henri"]
[Black "Picard, Clement"]
[Result "1/2-1/2"]
[WhiteElo "2154"]
[BlackElo "2191"]
[PlyCount "76"]
[EventDate "2010.10.17"]
[EventType "team-tourn"]
[EventRounds "11"]
[EventCountry "FRA"]
[SourceTitle "EXT 2012"]
[Source "ChessBase"]
[SourceDate "2011.11.24"]
[SourceVersion "1"]
[SourceVersionDate "2011.11.24"]
[SourceQuality "1"]

1. d4 c5 2. c3 e6 3. Nf3 Nf6 4. Bf4 cxd4 5. cxd4 Qb6 6. Qc2 Nc6 7. e3 Be7 8. Nc3 a6 9. Be2 0-0 10. 0-0 d5 11. a3 Bd7 12. Bd3 Rac8 13. Qe2 Na7 14. Ne5 Be8 15. Rac1 Nd7 16. Rc2 Nxe5 17. Bxe5 Bd6 18. Bxd6 Qxd6 19. Qh5 g6 20. Qe2 Bd7 21. Rfc1 Kg7 22. h4 h5 23. Na2 Rxc2 24. Rxc2 Rc8 25. Rxc8 Nxc8 26. Nc3 Na7 27. g4 hxg4 28. Qxg4 Kf8 29. h5 gxh5 30. Qxh5 Nc8 31. Qh8+ Ke7 32. Qh4+ Ke8 33. Qh8+ Qf8 34. Qe5 Qd6 35. Qh8+ Qf8 36. Qe5 Qd6 37. Qf6 Qe7 38. Qh8+ Qf8 1/2-1/2

[Event "Avoine op 25th"]
[Site "Avoine"]
[Date "2010.07.21"]
[Round "5"]
[White "Carvallo, Henri"]
[Black "Dieu, Bruno"]
[Result "1/2-1/2"]
[WhiteElo "2133"]
[BlackElo "2296"]
[PlyCount "79"]
[EventDate "2010.07.17"]
[EventType "swiss"]
[EventRounds "9"]
[EventCountry "FRA"]
[SourceTitle "EXT 2011"]
[Source "ChessBase"]
[SourceDate "2010.11.26"]
[SourceVersion "1"]
[SourceVersionDate "2010.11.26"]
[SourceQuality "1"]

1. d4 Nf6 2. Bf4 g6 3. e3 Bg7 4. Nf3 0-0 5. Be2 d5 6. h3 c5 7. c3 Nbd7 8. 0-0 b6 9. Nbd2 Bb7 10. Qa4 Ne8 11. b4 c4 12. Ne5 Ndf6 13. Qc2 Nd6 14. a4 a6 15. Bf3 Qc7 16. g4 Nfe8 17. Bg2 f6 18. Nef3 Qd7 19. Bg3 Rc8 20. a5 b5 21. Rad1 Nf7 22. Rfe1 Ned6 23. Nh2 e5 24. f4 Rce8 25. Nhf3 exf4 26. exf4 Ne4 27. Nxe4 dxe4 28. Nd2 f5 29. gxf5 gxf5 30. Nf1 Bd5 31. Ne3 Qe6 32. Qf2 Kh8 33. Kh2 Rg8 34. Bf1 Nd6 35. Be2 Bb7 36. Rg1 Qh6 37. Bh4 Bf6 38. Bxf6+ Qxf6 39. Rxg8+ Rxg8 40. Rg1 1/2-1/2

[Event "Avoine op 25th"]
[Site "Avoine"]
[Date "2010.07.17"]
[Round "1"]
[White "Carvallo, Henri"]
[Black "Demoulin, Paul"]
[Result "1-0"]
[WhiteElo "2133"]
[BlackElo "1948"]
[PlyCount "61"]
[EventDate "2010.07.17"]
[EventType "swiss"]
[EventRounds "9"]
[EventCountry "FRA"]
[SourceTitle "EXT 2011"]
[Source "ChessBase"]
[SourceDate "2010.11.26"]
[SourceVersion "1"]
[SourceVersionDate "2010.11.26"]
[SourceQuality "1"]

1. d4 d5 2. Bf4 c6 3. e3 e6 4. Nd2 Nf6 5. Ngf3 Bd6 6. Ne5 Qe7 7. Bd3 Nbd7 8. 0-0 Nf8 9. Bg3 Bxe5 10. Bxe5 Ng6 11. Bg3 Nd7 12. e4 0-0 13. c3 Re8 14. e5 f5 15. exf6 Qxf6 16. Nf3 Ndf8 17. Qd2 Bd7 18. Ne5 Nxe5 19. Bxe5 Qf7 20. Rae1 Ng6 21. f4 Ne7 22. Rf3 g6 23. h4 Rec8 24. h5 Nf5 25. Bxf5 Qxf5 26. hxg6 h5 27. Rg3 Qf8 28. f5 exf5 29. Qg5 Re8 30. Qxh5 Rxe5 31. Qh7# 1-0

[Event "FRA-chT2 0910"]
[Site "France"]
[Date "2010.01.24"]
[Round "7.5"]
[White "Carvallo, Henri"]
[Black "Debeaune, Robin"]
[Result "1/2-1/2"]
[WhiteElo "2113"]
[BlackElo "2128"]
[PlyCount "82"]
[EventDate "2009.09.27"]
[EventType "team-tourn"]
[EventRounds "11"]
[EventCountry "FRA"]
[SourceTitle "EXT 2011"]
[Source "ChessBase"]
[SourceDate "2010.11.26"]
[SourceVersion "1"]
[SourceVersionDate "2010.11.26"]
[SourceQuality "1"]

1. d4 Nf6 2. Bf4 d6 3. e3 Nbd7 4. Nf3 g6 5. h3 Bg7 6. Be2 0-0 7. 0-0 a6 8. a4 b6 9. Nbd2 Bb7 10. Bh2 c5 11. c3 Ra7 12. Re1 Qa8 13. Bf1 Ne4 14. Nxe4 Bxe4 15. Nd2 Bb7 16. Qb3 Rb8 17. Qc2 Rc8 18. Qd3 d5 19. Nf3 Re8 20. Qc2 Qc8 21. Qb3 Ba8 22. c4 e6 23. Red1 Kh8 24. Rac1 a5 25. Be2 Bc6 26. Ne5 Nxe5 27. dxe5 Qd8 28. Qc2 Rd7 29. Rd2 Qb8 30. f4 Red8 31. Bf3 Qb7 32. Rcd1 d4 33. Bxc6 Qxc6 34. exd4 cxd4 35. b3 Qc5 36. Rd3 g5 37. Qd2 gxf4 38. Bxf4 Qc6 39. Bg5 Rg8 40. Rf1 Qc5 41. Bf4 Re8 1/2-1/2

[Event "Avoine op 24th"]
[Site "Avoine"]
[Date "2009.07.25"]
[Round "8"]
[White "Charrais, Kevin"]
[Black "Carvallo, Henri"]
[Result "1/2-1/2"]
[WhiteElo "1869"]
[BlackElo "2124"]
[PlyCount "76"]
[EventDate "2009.07.18"]
[EventType "swiss"]
[EventRounds "9"]
[EventCountry "FRA"]
[SourceTitle "CBM 131 Extra"]
[Source "ChessBase"]
[SourceDate "2009.09.03"]
[SourceVersion "2"]
[SourceVersionDate "2009.09.16"]
[SourceQuality "1"]

1. e4 d6 2. d4 Nf6 3. Nc3 Nbd7 4. Nf3 e5 5. dxe5 dxe5 6. Bc4 Be7 7. 0-0 0-0 8. Qe2 c6 9. a3 b5 10. Ba2 Qc7 11. Bg5 Nc5 12. h3 h6 13. Bh4 Nh5 14. Qe3 Nf4 15. Ne2 Be6 16. Bxe6 Ncxe6 17. Bxe7 Qxe7 18. Ng3 Qf6 19. Rad1 Rfd8 20. Rxd8+ Rxd8 21. Nf5 Kh7 22. Kh2 g6 23. Ng3 Rd7 24. Qc3 Nd4 25. Nxd4 Rxd4 26. Qe3 Kg7 27. Re1 Rd7 28. Nf1 Qd6 29. g3 Ne6 30. Kg2 Nd4 31. Qc3 Qf6 32. Nd2 h5 33. h4 Rd8 34. Re3 Qe6 35. Qc5 Qf6 36. Rd3 Rd7 37. Nf3 Re7 38. Nxd4 exd4 1/2-1/2

[Event "FRA-chT2 West 0809"]
[Site "France"]
[Date "2009.01.18"]
[Round "6.4"]
[White "Carvallo, Henri"]
[Black "Mouhoubi, Zahir"]
[Result "1-0"]
[WhiteElo "2109"]
[BlackElo "1990"]
[PlyCount "85"]
[EventDate "2008.10.19"]
[EventType "team-tourn"]
[EventRounds "11"]
[EventCountry "FRA"]
[SourceTitle "EXT 2010"]
[Source "ChessBase"]
[SourceDate "2010.11.25"]
[SourceVersion "1"]
[SourceVersionDate "2010.11.25"]
[SourceQuality "1"]
[WhiteTeam "Tours"]
[BlackTeam "Nantes II"]
[WhiteTeamCountry "FRA"]
[BlackTeamCountry "FRA"]

1. d4 Nf6 2. Nf3 e6 3. Bf4 d5 4. e3 Bd6 5. Bg3 0-0 6. Nbd2 c5 7. c3 Nc6 8. Bd3 c4 9. Bc2 Qc7 10. Bxd6 Qxd6 11. 0-0 e5 12. dxe5 Nxe5 13. h3 Re8 14. Nxe5 Qxe5 15. Nf3 Qh5 16. Nd4 Qg5 17. Qf3 Ne4 18. Rad1 Bd7 19. Ne2 Bc6 20. Rd4 b5 21. Rfd1 Re6 22. Nf4 Re5 23. Nxd5 f5 24. Qf4 Qxf4 25. exf4 Rxd5 26. Rxd5 Bxd5 27. Rxd5 a6 28. Rxf5 Nf6 29. Re5 Rd8 30. Re2 a5 31. a3 b4 32. axb4 axb4 33. Bf5 bxc3 34. bxc3 Rd1+ 35. Kh2 Rc1 36. Re3 Kf8 37. Be6 Ra1 38. g3 Ra4 39. Kg2 Ne8 40. Bd7 Ra8 41. Rxe8+ Rxe8 42. Bxe8 Kxe8 43. Kf3 1-0

[Event "Avoine op 23rd"]
[Site "Avoine"]
[Date "2008.07.25"]
[Round "7"]
[White "Carvallo, Henri"]
[Black "Daubert, Cedric"]
[Result "1-0"]
[WhiteElo "2134"]
[BlackElo "1802"]
[PlyCount "47"]
[EventDate "2008.07.19"]
[EventType "swiss"]
[EventRounds "9"]
[EventCountry "FRA"]
[SourceTitle "CBM 125 Extra"]
[Source "ChessBase"]
[SourceDate "2008.09.01"]
[SourceVersion "1"]
[SourceVersionDate "2008.09.01"]
[SourceQuality "1"]

1. d4 g6 2. Nf3 Bg7 3. Bf4 d6 4. e3 Bf5 5. Be2 c5 6. c3 cxd4 7. exd4 Qb6 8. Qb3 Nd7 9. Nbd2 Ngf6 10. 0-0 0-0 11. Rfe1 Rfc8 12. h3 Qxb3 13. axb3 Nb6 14. Ra5 Nbd5 15. Bh2 Bd7 16. Bc4 Bc6 17. Bxd5 Bxd5 18. Rxe7 Bh6 19. g4 Bxf3 20. Nxf3 Bc1 21. Bxd6 Bxb2 22. c4 Rd8 23. Be5 Nd7 24. Bc7 1-0